000 00880nas a2200289 4500
001 BR2014006172
003 BR-BrBNA
005 20231205124547.0
007 ta
008 230509b bl.|||p| |||| 00| 00por d
040 _aBR-BrBNA
_bpor
_cBiblioteca Nacional de Agricultura
041 _a(Pt)
072 _aF60; F50
100 1 _aPaula, M.O. de
100 1 _aLoiola, P.L.
100 1 _aMoreira, G.R.
100 1 _aSegundinho, P.G. de A.
245 1 _aAnálise termomecânica da madeira de Corymbia citriodora submetida a gradientes térmicos
650 _aMADEIRA
650 _aTEMPERATURA
650 _aEUCALIPTO
650 _aANÁLISE QUÍMICA
650 _aESTRUTURA VEGETAL
773 0 _tFloresta e Ambiente (Brazil)
_xISSN 1415-0980
_g(Jul-Sep 2014), v. 21(3) p. 358-368
_wBR2014006172
909 _a202311
_bLúcia
_c55
_dLúcia Elande
942 _2AGRIS
_n0
_cANA
999 _c239716
_d239716